Govt. of
Madhya Pradesh

INDIA'S VACCINE GROWTH STORY From Cowpox to Vaccine Maitri (Record no. 66932)

MARC details
000 -LEADER
fixed length control field 00436nam a22001577a 4500
003 - CONTROL NUMBER IDENTIFIER
control field MACL
005 - DATE AND TIME OF LATEST TRANSACTION
control field 20240626130338.0
008 - FIXED-LENGTH DATA ELEMENTS--GENERAL INFORMATION
fixed length control field 240626b |||||||| |||| 00| 0 eng d
040 ## - CATALOGING SOURCE
Transcribing agency MACL
082 ## - DEWEY DECIMAL CLASSIFICATION NUMBER
Classification number 610/YAD
245 ## - TITLE STATEMENT
Title INDIA'S VACCINE GROWTH STORY From Cowpox to Vaccine Maitri
260 ## - PUBLICATION, DISTRIBUTION, ETC. (IMPRINT)
Place of publication, distribution, etc. New Delhi
Name of publisher, distributor, etc. SAGE Publication
Date of publication, distribution, etc. 2022
600 ## - SUBJECT ADDED ENTRY--PERSONAL NAME
Personal name Yadav,Sajjan Singh
9 (RLIN) 82430
650 ## - SUBJECT ADDED ENTRY--TOPICAL TERM
Topical term or geographic name as entry element Medicine &Health
9 (RLIN) 82431
942 ## - ADDED ENTRY ELEMENTS (KOHA)
Source of classification or shelving scheme
Koha item type Books
Holdings
Withdrawn status Lost status Source of classification or shelving scheme Damaged status Not for loan Home library Current library Date acquired Cost, normal purchase price Full call number Barcode Date last seen Price effective from Koha item type
          MACL MACL 26/06/2024 595.00 610/YAD GCLC01115 26/06/2024 26/06/2024 Books